000 00267nam a2200097Ia 4500
001 689619
005 20250826161637.0
008 250824s9999 xx 000 0 und d
245 0 _aTARİHİMİZDEKİ MUHTEŞEM MEKTUPLAR
_cNECDET BAYRAKTAROĞLU
260 _bHAYAT YAYINLARI
999 _c689619
_d689619